| 000 | 01381 a2200313 4500 | ||
|---|---|---|---|
| 003 | Nust | ||
| 005 | 20220729090337.0 | ||
| 010 | _a 2004275103 | ||
| 020 | _a0072256354 | ||
| 040 | _cNust | ||
| 082 | 0 | 0 | _a004.6,VEL |
| 100 | 1 |
_aVelte, Anthony T. _995716 |
|
| 245 | 1 | 0 |
_aCisco : _ba beginner's guide / _cAnthony T. Velte, Toby J. Velte. |
| 250 | _a3rd ed. | ||
| 260 |
_aNew York : _bMcGraw-Hill/Osborne, _cc2004. |
||
| 300 |
_axxviii, 737 p. : _bill. ; _c24 cm. |
||
| 440 | 0 |
_aNetwork professional's library _995717 |
|
| 505 | _aPart 1.Cisco Over view (Page-3), Part 2. Cisco Interworking tools (Page-131), Part 3. Cisco business solution (Page-437), Part 4. Designing cisco networks (Page-527). | ||
| 610 | 2 | 0 |
_aCisco Systems, Inc. _995718 |
| 650 | 0 |
_aComputer networks _xDesign and construction. _994270 |
|
| 650 | 0 |
_aInternetworking (Telecommunication) _981637 |
|
| 650 | 0 | _aLocal area networks (Computer networks) | |
| 650 | 0 |
_aTCP/IP (Computer network protocol) _924824 |
|
| 700 | 1 |
_aVelte, Anthony T. _995716 |
|
| 856 | 4 | 2 |
_3Contributor biographical information _uhttp://www.loc.gov/catdir/enhancements/fy0705/2004275103-b.html |
| 856 | 4 | 2 |
_3Publisher description _uhttp://www.loc.gov/catdir/enhancements/fy0620/2004275103-d.html |
| 856 | 4 | 2 |
_3Table of contents only _uhttp://www.loc.gov/catdir/enhancements/fy0620/2004275103-t.html |
| 942 |
_2ddc _cBK _k004.6,VEL |
||
| 999 |
_c176356 _d176356 |
||